1049 1654 1358 1470 1482 1121 1569 1870 1451 1252 1058 1639 1588 1864 1760 1907 1201 1693 1814 1364 1314 1142 1399 1494 1814 1398 1721 1283 1772 1835 1836 1340 1301 1597 1196 1411 1447 1393 1566 1697 1634 1251 1131 1663 1683 1434 1237 1555 1807 1654 1113 1514 1619 1406 1794 1565 1197 1782 1352 1231 1942 1552 1439 1718 1259 1249 1438 1933 1670 1242 1441 1892 1625 1967 1118 1010 1863 1238 1670 1548 1329 1301 1560 1824 1572 1693 1875 1651 1258 1475 1815 1435 1048 1980 1631 1648 1324 1728 1182 BCNSPRNW ULIB Ver.6.0+V

เปลี่ยนเป็นภาษาไทย

Change to English
 แสดงรายละเอียดบรรณานุกรม
  กลับหน้าหลัก

Brief Record : Get Marc (ISO 2709) : E-mail record : QR code < ปิดหน้าต่าง
LEADER : 00000nas 2200000uu 4500
001    13399113692
003     ULIB
008    020711s|||| th a 000 0 tha d
022    ^a08593477
110    ^aโน้ต พับลิชิ่ง
245    ^aทีวีพูล
260    ^aกรุงเทพฯ :^bโน้ต พับลิชิ่ง,^cม.ป.ป.
300    ^a118 หน้า
310    ^aรายสัปดาห์
850 ^a ULIB^bฉบับที่ 1125 ปีที่ 22
945    ^p25^l0^i900012
รายการนี้ยังไม่มีแท็ก
คุณยังไม่ได้ล็อกอิน คุณสามารถมีกิจกรรมร่วมกับเว็บไซต์ได้ แต่ต้องล็อกอินก่อน ::
  ล็อกอิน

รายการสื่อสารสนเทศ (วารสาร)

ดูแบบ: กล่อง รายการ
ARRIVED
ฉบับที่ 1125 ปีที่ 22
สถานที่: ห้องสมุดวิทยาเขตสวรรค์ประชารักษ์ >หนังสือทั่วไป
รายการใกล้เคียง
    ผู้แต่ง []

BibComment


ยังไม่เคยถูกคอมเมนท์

คอมเมนท์ทรัพยากรรายการนี้
  คอมเมนท์: ทีวีพูล


 Copyright 2026. Bcnsprnw @Library